Sheet Metal Technology (Record no. 20208)

MARC details
000 -CABECERA
campo de control de longitud fija 00548nam a2200205 4500
003 - IDENTIFICADOR DEL NÚMERO DE CONTROL
campo de control OSt
005 - FECHA Y HORA DE LA ÚLTIMA TRANSACCIÓN
campo de control 20260601171004.0
008 - DATOS DE LONGITUD FIJA--INFORMACIÓN GENERAL
campo de control de longitud fija 260508b1971\\\\|||ad|||\||||\001\0\spa\d
020 ## - NÚMERO INTERNACIONAL ESTÁNDAR DEL LIBRO
Número Internacional Estándar del Libro 067297360X
040 ## - FUENTE DE LA CATALOGACIÓN
Centro catalogador/agencia de origen ICI
Lengua de catalogación spa
Centro/agencia transcriptor ICI
050 #0 - SIGNATURA TOPOGRÁFICA DE LA BIBLIOTECA DEL CONGRESO
Número de clasificación TS250
Número de documento/Ítem B83
100 #1 - ENTRADA PRINCIPAL--NOMBRE DE PERSONA
Nombre de persona S. Budziik, Richard
9 (RLIN) 31941
245 #1 - MENCIÓN DE TÍTULO
Título Sheet Metal Technology
264 ## - PRODUCCIÓN, PUBLICACIÓN, DISTRIBUCIÓN, FABRICACIÓN Y COPYRIGHT
Nombre del de productor, editor, distribuidor, fabricante howard W Sams Co
Fecha de producción, publicación, distribución, fabricación o copyright 1971
Producción, publicación, distribución, fabricación y copyright Estados Unidos de América
300 ## - DESCRIPCIÓN FÍSICA
Extensión 320 páginas
336 ## - TIPO DE CONTENIDO
Término de tipo de contenido texto
Fuente rdacontent
337 ## - TIPO DE MEDIO
Nombre/término del tipo de medio sin medio
Fuente rdamedia
338 ## - TIPO DE SOPORTE
Nombre/término del tipo de soporte volumen
Fuente rdacarrier
942 ## - ELEMENTOS DE PUNTO DE ACCESO ADICIONAL (KOHA)
Fuente del sistema de clasificación o colocación Library of Congress Classification
Tipo de ítem Koha Libros
Suprimir en OPAC 1

No items available.